000 00602cam a22001691 4500
082 _a621.31
_bBRY
_cL-9, P-1
100 1 _aBryant, John Myron,
_941179
245 1 0 _aAlternating current machinery,
_cby John Myron Bryant...and Elmer Walter Johnson...
250 _a1st ed.
260 _aNew York, and
_aLondon,
_bMcGraw-Hill book company, inc.,
_c[1935]
300 _axix, 790 p.
_billus., diagrs.
_c24 cm.
526 _a0
_b0
_c0
_d621_310000000000000_BRY
650 0 _aElectric machinery
_xAlternating current.
_941180
650 0 _aMCE
_9379
700 1 _aJohnson, Elmer Walter,
_941181
942 _2ddc
_cBK
999 _c545358
_d545358